000 00607nam a2200193Ia 4500
003 IN-BaIIA
008 211028s9999 xx 000 0 eng d
040 _cIIA Library
080 _a524.3
_bCHI-1
100 _aChiu, Hong-Yee
_95611
245 0 _aStellar physics
_bvol. 1
_cHong-Yee Chiu
260 _aWaltham
_bBlaisdell Publishing
_c1968
300 _axxv, 550p.
490 _aA blaisdell book in the pure and applied sciences
650 _aAstronomy and astrophysics thesaurus
650 _aStellar evolution
650 _aStellar structure
942 _cBK
999 _c3313
_d3313